| 000 | 00481nam a2200133Ia 4500 | ||
|---|---|---|---|
| 008 | 160809s9999 xx 000 0 und d | ||
| 100 | _aSalminen-Tuomaala, Mari Helena. | ||
| 245 | _aSimulation Pedagogy for Advanced Resuscitation | ||
| 245 | _cMari Helena Salminen-Tuomaala. | ||
| 260 | _bJournal of Nursing and Care | ||
| 260 | _cFebruary 2016 | ||
| 650 | _xNURSING | ||
| 856 | _uhttp://www.omicsgroup.org/journals/ArchiveJNC/jnc-archive.php?journal=jnc&month=February&year=2030 | ||
| 999 |
_c300163 _d300163 |
||